000 00523nam a22001817a 4500
005 20140116121945.0
010 _aENG-109101
020 _a9789350620700
_c145.00
035 _aEN-92634
037 _bDBAD/PUB
082 _a658.8120994
100 _aKent, Christine
245 _aAddress customer needs /
_cby Christine Kent
260 _aNew Delhi
_bExcel Books
_c2012
270 _aA- 45, Naraina, Phase 1
_bNew Delhi
_e110028
300 _axiv,108p.
_c24cm(pbk)
942 _2ddc
_cEN
_mKEN
_h658.8120994
999 _c81898
_d81898